[Event "4. Mem- Oliver Gonzalez 2015 - Torneo B"]
[Site "Madrid ESP"]
[Date "2015.10.11"]
[Round "2.9"]
[White "Fernandez Aransay, Fernando"]
[Black "Villodre Miranda, Juan Alonso"]
[Result "1-0"]
[WhiteElo "1833"]
[BlackElo "1673"]
[PlyCount "84"]
[EventDate "2015.10.10"]
[EventType "swiss"]
[EventRounds "9"]
[EventCountry "ESP"]
[Source "lmi"]
[SourceDate "2015.10.10"]

1. e4 c5 2. Nf3 d6 3. d4 cxd4 4. Nxd4 e6 5. Bc4 Nc6 6. O-O a6 7. Nc3 Nge7 8.
Re1 d5 9. exd5 Nxd4 10. Qxd4 Nf5 11. Qd3 b5 12. Bb3 Be7 13. dxe6 Qxd3 14. exf7+
Kf8 15. cxd3 Nd6 16. Bf4 Nxf7 17. Nd5 Bd6 18. Nc7 Bxc7 19. Bxc7 Bf5 20. Bd5 Re8
21. Rxe8+ Kxe8 22. d4 Kd7 23. Be5 Nxe5 24. dxe5 Be6 25. Bxe6+ Kxe6 26. f4 Rf8
27. g3 g5 28. fxg5 Kxe5 29. Re1+ Kd4 30. Re7 Rg8 31. Rxh7 Rxg5 32. Kg2 Rc5 33.
Rf7 Rc2+ 34. Rf2 Rc6 35. g4 Kd3 36. h4 Rc4 37. Kg3 b4 38. h5 Rc2 39. h6 Rxf2
40. Kxf2 Kc2 41. b3 Kb2 42. h7 Kxa2 1-0

[Event "4. Mem- Oliver Gonzalez 2015 - Torneo B"]
[Site "Madrid ESP"]
[Date "2015.10.11"]
[Round "2.10"]
[White "Sirera Ripoll, Jose Luis"]
[Black "Lizon Martinez, Santiago"]
[Result "1-0"]
[WhiteElo "1749"]
[BlackElo "1671"]
[PlyCount "81"]
[EventDate "2015.10.10"]
[EventType "swiss"]
[EventRounds "9"]
[EventCountry "ESP"]
[Source "lmi"]
[SourceDate "2015.10.10"]

1. e4 c5 2. Nc3 d6 3. f4 Nc6 4. Nf3 g6 5. Bc4 Bg7 6. d3 e6 7. f5 Nf6 8. O-O O-O
9. fxg6 fxg6 10. Qe1 Nh5 11. Bg5 Qe8 12. Nb5 Qd7 13. Qh4 a6 14. Bxe6+ Qxe6 15.
Nc7 Qd7 16. Nxa8 Nf6 17. Nb6 Qc7 18. Nxc8 Qxc8 19. Bh6 Qd7 20. Bxg7 Qxg7 21.
Rf2 Nh5 22. Ng5 Rxf2 23. Qxf2 Ne5 24. Rf1 Qe7 25. Ne6 Nf7 26. Nf4 Nxf4 27. Qxf4
Kg7 28. c3 Ne5 29. Rd1 c4 30. dxc4 Nxc4 31. b3 Ne5 32. c4 Qc7 33. Rd5 b6 34. h4
Nf7 35. h5 Qe7 36. a4 a5 37. Qe3 Qd8 38. Qd4+ Kf8 39. e5 Qg5 40. exd6 Qc1+ 41.
Kh2 1-0

[Event "4. Mem- Oliver Gonzalez 2015 - Torneo B"]
[Site "Madrid ESP"]
[Date "2015.10.11"]
[Round "2.11"]
[White "Veuthey Martinez, Eloy"]
[Black "Tevar Sanz, Gonzalo"]
[Result "0-1"]
[WhiteElo "1521"]
[BlackElo "1704"]
[PlyCount "42"]
[EventDate "2015.10.10"]
[EventType "swiss"]
[EventRounds "9"]
[EventCountry "ESP"]
[Source "lmi"]
[SourceDate "2015.10.10"]

1. d4 Nf6 2. Nf3 g6 3. Nc3 d5 4. Bf4 Bg7 5. e3 O-O 6. Be2 c5 7. Ne5 cxd4 8.
exd4 Nc6 9. h4 h5 10. Qd2 Bf5 11. Bd3 Nxd4 12. Bxf5 Nxf5 13. O-O-O e6 14. Bg5
Rc8 15. g4 Nd6 16. gxh5 Qa5 17. Bxf6 Bxf6 18. Nd7 Bxc3 19. bxc3 Ne4 20. Qh6
Qa3+ 21. Kb1 Nxc3+ 0-1

[Event "4. Mem- Oliver Gonzalez 2015 - Torneo B"]
[Site "Madrid ESP"]
[Date "2015.10.11"]
[Round "2.12"]
[White "Perez Reisler, Jose"]
[Black "Wolf, Philipp"]
[Result "1-0"]
[WhiteElo "1894"]
[BlackElo "1476"]
[PlyCount "45"]
[EventDate "2015.10.10"]
[EventType "swiss"]
[EventRounds "9"]
[EventCountry "ESP"]
[Source "lmi"]
[SourceDate "2015.10.10"]

1. c4 c5 2. g3 e6 3. Bg2 d5 4. cxd5 exd5 5. d4 Qb6 6. Nc3 Nf6 7. Bg5 Qxb2 8.
Nxd5 Nxd5 9. Bxd5 cxd4 10. Rb1 Bb4+ 11. Kf1 Qa3 12. Qxd4 Bc3 13. Qe3+ Kf8 14.
Rb3 Qd6 15. Rxc3 Nd7 16. Qf3 f6 17. Bc1 Qb6 18. Ba3+ Ke8 19. Qf4 Qa5 20. Re3+
Ne5 21. Rxe5+ fxe5 22. Qxe5+ Kd8 23. Qe7# 1-0

[Event "4. Mem- Oliver Gonzalez 2015 - Torneo B"]
[Site "Madrid ESP"]
[Date "2015.10.11"]
[Round "2.13"]
[White "Martinez Miura, Enrique"]
[Black "Galdeano Williams, Tomas"]
[Result "1-0"]
[WhiteElo "1669"]
[BlackElo "1391"]
[PlyCount "81"]
[EventDate "2015.10.10"]
[EventType "swiss"]
[EventRounds "9"]
[EventCountry "ESP"]
[Source "lmi"]
[SourceDate "2015.10.10"]

1. e4 e5 2. Nf3 Nc6 3. Bb5 Nf6 4. Bxc6 dxc6 5. O-O Bg4 6. d3 Bc5 7. h3 Bh5 8.
Qe2 h6 9. Be3 Bb6 10. Nbd2 g5 11. g4 Bg6 12. Nxe5 h5 13. Nxg6 fxg6 14. Bxg5
hxg4 15. e5 O-O 16. Bxf6 Qd5 17. Qxg4 Rxf6 18. exf6 Kf7 19. Qc4 Kxf6 20. Qxd5
cxd5 21. Rae1 g5 22. Kg2 Rg8 23. Kf3 Kf5 24. Re7 g4+ 25. hxg4+ Rxg4 26. Rf7+
Kg5 27. Rg7+ Kf6 28. Rxg4 Ke6 29. Rh1 Kd6 30. c4 Kc5 31. cxd5 Kb5 32. Rhh4 a5
33. a4+ Ka6 34. Rg8 Ka7 35. Nc4 Bd4 36. Rxd4 b6 37. Re4 Kb7 38. Ree8 b5 39.
Rb8+ Ka7 40. Ra8+ Kb7 41. Rgb8# 1-0

[Event "4. Mem- Oliver Gonzalez 2015 - Torneo B"]
[Site "Madrid ESP"]
[Date "2015.10.11"]
[Round "2.14"]
[White "Martin Rodriguez, Jose Luis"]
[Black "Vazquez Cabeza, Isaac"]
[Result "0-1"]
[WhiteElo "1413"]
[BlackElo "1662"]
[PlyCount "96"]
[EventDate "2015.10.10"]
[EventType "swiss"]
[EventRounds "9"]
[EventCountry "ESP"]
[Source "lmi"]
[SourceDate "2015.10.10"]

1. e4 e6 2. d4 d5 3. Nc3 Nf6 4. e5 Nfd7 5. Nf3 c5 6. Be3 Nc6 7. Bb5 a6 8. Bxc6
bxc6 9. dxc5 Qc7 10. O-O Nxe5 11. Nxe5 Qxe5 12. Re1 Qc7 13. Bd4 f6 14. Na4 Be7
15. Nb6 Rb8 16. Qh5+ g6 17. Qh6 Kf7 18. Qd2 e5 19. Bc3 Bxc5 20. Nxc8 Qxc8 21.
b4 Be7 22. Rab1 d4 23. Ba1 Qb7 24. a3 c5 25. c3 Qd5 26. bxc5 Bxc5 27. cxd4 Rxb1
28. Rxb1 Rd8 29. Qa5 Bxd4 30. Qxd5+ Rxd5 31. Rb7+ Kf8 32. Bxd4 Rxd4 33. h3 a5
34. Ra7 Ra4 35. Ra8+ Kg7 36. Ra7+ Kh6 37. Rf7 f5 38. Ra7 Rxa3 39. h4 Ra1+ 40.
Kh2 a4 41. Ra6 a3 42. Kg3 a2 43. f4 exf4+ 44. Kxf4 Rf1+ 45. Kg3 a1=Q 46. Kh3
Qxa6 47. Kh2 Qd6+ 48. Kh3 Rh1# 0-1

[Event "4. Mem- Oliver Gonzalez 2015 - Torneo B"]
[Site "Madrid ESP"]
[Date "2015.10.11"]
[Round "2.15"]
[White "Tateo, Ida"]
[Black "Martin Diaz, Juan"]
[Result "1/2-1/2"]
[WhiteElo "1276"]
[BlackElo "1625"]
[PlyCount "47"]
[EventDate "2015.10.10"]
[EventType "swiss"]
[EventRounds "9"]
[EventCountry "ESP"]
[Source "lmi"]
[SourceDate "2015.10.10"]

1. e4 c5 2. Nf3 d6 3. d4 cxd4 4. Nxd4 Nf6 5. Nc3 Nc6 6. Be3 e5 7. Nb3 Be7 8. f3
O-O 9. Qd2 a5 10. Bb5 Be6 11. O-O-O Na7 12. Bxa7 Rxa7 13. g4 Nd7 14. Kb1 Nb6
15. Qf2 Ra8 16. a4 Qc7 17. h4 Bc4 18. Bxc4 Nxc4 19. Nd5 Qd8 20. Nxe7+ Qxe7 21.
h5 h6 22. Nd2 b5 23. Nxc4 bxc4 24. Qd2 1/2-1/2

[Event "4. Mem- Oliver Gonzalez 2015 - Torneo B"]
[Site "Madrid ESP"]
[Date "2015.10.11"]
[Round "2.16"]
[White "Mascunano Torres, Antonio"]
[Black "Folgar Lopez, Angel"]
[Result "1-0"]
[WhiteElo "1788"]
[BlackElo "1584"]
[PlyCount "85"]
[EventDate "2015.10.10"]
[EventType "swiss"]
[EventRounds "9"]
[EventCountry "ESP"]
[Source "lmi"]
[SourceDate "2015.10.10"]

1. Nf3 d5 2. g3 Bg4 3. Bg2 Nc6 4. d4 h6 5. h3 Bh5 6. O-O Nf6 7. Nbd2 e6 8. a3
Bd6 9. c4 O-O 10. c5 Be7 11. b4 a6 12. Bb2 Qd7 13. Ne5 Nxe5 14. dxe5 Nh7 15. f4
f5 16. Nb3 c6 17. Qc2 Bd8 18. Rad1 Qe7 19. Rd2 Bc7 20. a4 Kh8 21. Nd4 Rf7 22.
b5 Ba5 23. Bc3 axb5 24. Bxa5 Rxa5 25. axb5 cxb5 26. Rb1 Rf8 27. Rxb5 Rxb5 28.
Nxb5 Rc8 29. Nd6 Rc7 30. Qc3 Nf8 31. Ra2 Nd7 32. Qa5 Nxc5 33. Qa8+ Kh7 34. Nb5
Rc6 35. Nd4 Rb6 36. Qc8 Rb4 37. e3 Qd7 38. Qxc5 Rc4 39. Qd6 Qc8 40. Qxe6 Rc1+
41. Kh2 Qc3 42. Bxd5 Qxe3 43. Qg8+ 1-0

[Event "4. Mem- Oliver Gonzalez 2015 - Torneo B"]
[Site "Madrid ESP"]
[Date "2015.10.11"]
[Round "2.17"]
[White "Martin Garcia, Francisco Javie"]
[Black "Municio Zuniga, Jose"]
[Result "1/2-1/2"]
[WhiteElo "1578"]
[BlackElo "1786"]
[PlyCount "97"]
[EventDate "2015.10.10"]
[EventType "swiss"]
[EventRounds "9"]
[EventCountry "ESP"]
[Source "lmi"]
[SourceDate "2015.10.10"]

1. d4 Nf6 2. Nf3 g6 3. c4 d5 4. cxd5 Nxd5 5. e4 Nf6 6. Nc3 Bg7 7. Bc4 Bg4 8.
Qb3 O-O 9. Ng5 e6 10. h3 h6 11. hxg4 hxg5 12. Bxg5 Qxd4 13. Rd1 Qb6 14. Qxb6
axb6 15. f3 Nc6 16. Bh6 Bxh6 17. Rxh6 Kg7 18. g5 Nh5 19. g4 Nf4 20. Kf2 Rh8 21.
Rdh1 Ne5 22. Bb3 Nfd3+ 23. Ke3 Nc5 24. Bc2 Rad8 25. Rxh8 Rxh8 26. Rxh8 Kxh8 27.
b3 c6 28. Ne2 Kg7 29. Kf4 Ned3+ 30. Bxd3 Nxd3+ 31. Ke3 Nb4 32. Nc3 c5 33. f4
Nc2+ 34. Kd3 Nd4 35. Ne2 Nb5 36. f5 exf5 37. gxf5 gxf5 38. exf5 Nd6 39. Ng3 f6
40. g6 Kh6 41. a4 b5 42. axb5 Nxb5 43. Kc4 Nd4 44. b4 b6 45. bxc5 bxc5 46. Kxc5
Nxf5 47. Nxf5+ Kxg6 48. Nd4 Kg5 49. Kd5 1/2-1/2

[Event "4. Mem- Oliver Gonzalez 2015 - Torneo B"]
[Site "Madrid ESP"]
[Date "2015.10.12"]
[Round "3.1"]
[White "Brana Pastor, Carlos"]
[Black "Vazquez Gonzalez, Francisco"]
[Result "0-1"]
[WhiteElo "1858"]
[BlackElo "1929"]
[PlyCount "92"]
[EventDate "2015.10.10"]
[EventType "swiss"]
[EventRounds "9"]
[EventCountry "ESP"]
[Source "lmi"]
[SourceDate "2015.10.10"]

1. e4 e5 2. Nf3 Nc6 3. Bb5 f5 4. d3 fxe4 5. dxe4 Nf6 6. O-O Bc5 7. Bg5 d6 8. h3
O-O 9. Nc3 Be6 10. Na4 Bb6 11. Nxb6 axb6 12. a3 Qd7 13. Qd3 Nh5 14. Bc4 Kh8 15.
Bxe6 Qxe6 16. c3 Qg6 17. Bd2 Nf4 18. Bxf4 Rxf4 19. Rae1 Raf8 20. Re3 Nd8 21.
Nd2 Qf7 22. Rg3 Rxf2 23. Rf3 Rxf3 24. Rxf3 Qe7 25. Qc4 Rxf3 26. Nxf3 h6 27. g3
Qf7 28. Nd2 Qxc4 29. Nxc4 Kg8 30. Kf2 Kf7 31. Ke3 Ke6 32. a4 Kd7 33. Kd3 Ne6
34. b4 g5 35. Ne3 h5 36. Nd5 h4 37. gxh4 gxh4 38. Ke3 Ng5 39. Nf6+ Kd8 40. c4
Nxh3 41. Kf3 Nf4 42. Nd5 Nxd5 43. cxd5 c5 44. dxc6 bxc6 45. Kg4 c5 46. Kxh4
cxb4 0-1

[Event "4. Mem- Oliver Gonzalez 2015 - Torneo B"]
[Site "Madrid ESP"]
[Date "2015.10.12"]
[Round "3.2"]
[White "Villacorta Nicolas, David"]
[Black "Laynez Aspenberg, Jose"]
[Result "1-0"]
[WhiteElo "1928"]
[BlackElo "1858"]
[PlyCount "97"]
[EventDate "2015.10.10"]
[EventType "swiss"]
[EventRounds "9"]
[EventCountry "ESP"]
[Source "lmi"]
[SourceDate "2015.10.10"]

1. e4 c5 2. Nf3 Nc6 3. d4 cxd4 4. Nxd4 g6 5. c4 Bg7 6. Be3 Nf6 7. Nc3 O-O 8.
Be2 d6 9. O-O Bd7 10. Qd2 Nxd4 11. Bxd4 Bc6 12. Bd3 a5 13. Rfe1 Nd7 14. Bxg7
Kxg7 15. Re3 h6 16. Rh3 Rh8 17. f4 Qb6+ 18. Kh1 a4 19. Rf1 a3 20. b3 Qd4 21.
Ne2 Qb2 22. Qxb2+ axb2 23. Nc3 Nc5 24. Rb1 Rhc8 25. Rxb2 b5 26. Re3 Nxd3 27.
Rxd3 bxc4 28. bxc4 Ra3 29. Rb3 Rca8 30. Kg1 Kf6 31. Rxa3 Rxa3 32. Nd5+ Bxd5 33.
Rxa3 Bxc4 34. Ra4 d5 35. Kf2 e5 36. exd5 Bxd5 37. Ra6+ Kf5 38. fxe5 Kxe5 39. a4
Bc4 40. Rb6 Kd5 41. a5 Kc5 42. Ke3 h5 43. Kf4 Bf1 44. g3 Bh3 45. Rf6 Be6 46.
Rxe6 fxe6 47. Ke5 g5 48. Kxe6 h4 49. g4 1-0

[Event "4. Mem- Oliver Gonzalez 2015 - Torneo B"]
[Site "Madrid ESP"]
[Date "2015.10.12"]
[Round "3.3"]
[White "Rives Higueras, Alan"]
[Black "Marin Aso, Jose Luis"]
[Result "1-0"]
[WhiteElo "1900"]
[BlackElo "1729"]
[PlyCount "65"]
[EventDate "2015.10.10"]
[EventType "swiss"]
[EventRounds "9"]
[EventCountry "ESP"]
[Source "lmi"]
[SourceDate "2015.10.10"]

1. e4 c5 2. Nf3 e6 3. d4 cxd4 4. Nxd4 Nc6 5. Be3 a6 6. Be2 Bb4+ 7. c3 Be7 8.
Nd2 Nf6 9. Qc2 d6 10. O-O-O Nxd4 11. Bxd4 e5 12. Be3 b5 13. f3 Be6 14. Nb3 Qc7
15. Kb1 O-O 16. g4 Rfc8 17. Rc1 Rab8 18. h4 a5 19. Qd1 Bc4 20. h5 Nd7 21. g5
Nc5 22. Nxc5 dxc5 23. g6 Bxe2 24. gxf7+ Kxf7 25. Qxe2 h6 26. Qg2 Qc6 27. Rcg1
Qf6 28. f4 Rb6 29. fxe5 Qxe5 30. Bf4 Qf6 31. e5 Qf5+ 32. Ka1 Kg8 33. Qxg7# 1-0

[Event "4. Mem- Oliver Gonzalez 2015 - Torneo B"]
[Site "Madrid ESP"]
[Date "2015.10.12"]
[Round "3.4"]
[White "Merino Araguas, Jose Javier"]
[Black "Menendez Hernandez, Jose"]
[Result "0-1"]
[WhiteElo "1734"]
[BlackElo "1845"]
[PlyCount "47"]
[EventDate "2015.10.10"]
[EventType "swiss"]
[EventRounds "9"]
[EventCountry "ESP"]
[Source "lmi"]
[SourceDate "2015.10.10"]

1. d4 Nf6 2. c4 g6 3. Nc3 Bg7 4. e4 d6 5. f4 O-O 6. Nf3 Na6 7. Be2 e5 8. fxe5
dxe5 9. d5 Nc5 10. Nd2 Ng4 11. Nf3 f5 12. exf5 e4 13. Nd4 gxf5 14. O-O Nd3 15.
Nc2 Nge5 16. Bxd3 Nxd3 17. Rb1 Nxc1 18. Qxc1 Qd6 19. Qe3 f4 20. Qxe4 Bf5 21.
Qe2 Rae8 22. Qd2 Qg6 23. Rbe1 Bxc2 24. Rxe8 0-1

[Event "4. Mem- Oliver Gonzalez 2015 - Torneo B"]
[Site "Madrid ESP"]
[Date "2015.10.12"]
[Round "3.5"]
[White "Tevar Sanz, Gonzalo"]
[Black "Fernandez Aransay, Fernando"]
[Result "1-0"]
[WhiteElo "1704"]
[BlackElo "1833"]
[PlyCount "73"]
[EventDate "2015.10.10"]
[EventType "swiss"]
[EventRounds "9"]
[EventCountry "ESP"]
[Source "lmi"]
[SourceDate "2015.10.10"]

1. d4 d5 2. Bf4 Nf6 3. e3 c5 4. c3 Nc6 5. Nd2 Qb6 6. Qb3 c4 7. Qc2 Bg4 8. Ngf3
e6 9. h3 Bf5 10. Qc1 h6 11. b3 cxb3 12. axb3 Be7 13. Be2 O-O 14. O-O Rfc8 15.
Qb2 Qd8 16. Ra2 Bd6 17. Bxd6 Qxd6 18. Rfa1 Qc7 19. c4 b6 20. Ra4 Qe7 21. Qa3
Qxa3 22. R1xa3 Rc7 23. c5 bxc5 24. dxc5 Rb8 25. Nd4 Nxd4 26. exd4 Ne4 27. Nxe4
Bxe4 28. Rxa7 Rxa7 29. Rxa7 Rxb3 30. c6 Rc3 31. c7 Kh7 32. Ba6 e5 33. c8=Q Rxc8
34. Bxc8 exd4 35. Ra2 h5 36. Rd2 d3 37. Ba6 1-0

[Event "4. Mem- Oliver Gonzalez 2015 - Torneo B"]
[Site "Madrid ESP"]
[Date "2015.10.12"]
[Round "3.6"]
[White "Di Pietro Moreno, Fatima"]
[Black "Sirera Ripoll, Jose Luis"]
[Result "0-1"]
[WhiteElo "1372"]
[BlackElo "1749"]
[PlyCount "116"]
[EventDate "2015.10.10"]
[EventType "swiss"]
[EventRounds "9"]
[EventCountry "ESP"]
[Source "lmi"]
[SourceDate "2015.10.10"]

1. d4 Nf6 2. Bf4 g6 3. Nf3 d6 4. e3 Bg7 5. c3 O-O 6. Nbd2 c5 7. h3 Be6 8. Bd3
Qb6 9. Nc4 Bxc4 10. Bxc4 Qxb2 11. Rc1 Nc6 12. O-O d5 13. Qb3 Qxb3 14. Bxb3 c4
15. Bc2 b5 16. Rb1 a6 17. Nd2 Nd7 18. a4 Na7 19. Rfc1 e5 20. Bg3 f6 21. f4 exd4
22. exd4 f5 23. Nf3 Nf6 24. Ng5 Rfe8 25. Be1 Bf8 26. Ra1 Bd6 27. g3 Nc6 28.
Rab1 b4 29. cxb4 Nxd4 30. Kf1 Ne2 31. Rd1 d4 32. a5 d3 33. Ba4 Re7 34. Nf3 Nd5
35. Ra1 Ne3+ 36. Kf2 Nxd1+ 37. Rxd1 Rd8 38. b5 Bc5+ 39. Kf1 c3 40. Ne5 axb5 41.
Bb3+ Kf8 42. Nc6 Rd6 43. Nxe7 Kxe7 44. g4 Rd4 45. Bf2 Rxf4 46. Rxd3 Rxf2+ 47.
Ke1 b4 48. Rd5 Bd4 49. Rxd4 Nxd4 50. Kxf2 Nxb3 51. a6 c2 52. a7 c1=Q 53. a8=Q
Qf4+ 54. Qf3 Qxf3+ 55. Kxf3 fxg4+ 56. hxg4 Nc5 57. Ke3 b3 58. Kd2 Ke6 0-1

[Event "4. Mem- Oliver Gonzalez 2015 - Torneo B"]
[Site "Madrid ESP"]
[Date "2015.10.12"]
[Round "3.7"]
[White "Calderon Martin, Antonio"]
[Black "Baldwin Del Castillo, Ricardo"]
[Result "0-1"]
[WhiteElo "1677"]
[BlackElo "1980"]
[PlyCount "62"]
[EventDate "2015.10.10"]
[EventType "swiss"]
[EventRounds "9"]
[EventCountry "ESP"]
[Source "lmi"]
[SourceDate "2015.10.10"]

1. e4 e5 2. Nf3 Nc6 3. Bb5 a6 4. Ba4 Nf6 5. d3 b5 6. Bb3 g6 7. Nbd2 Bg7 8. Nf1
d5 9. exd5 Nxd5 10. Ng3 O-O 11. a4 b4 12. h3 Na5 13. Ba2 Bb7 14. O-O c5 15. Ne4
Qc7 16. Ned2 Rad8 17. Qe2 Nf4 18. Qe3 Qe7 19. Ne4 b3 20. Bb1 bxc2 21. Bxc2 c4
22. Qb6 cxd3 23. Bxd3 Nxd3 24. Neg5 Nc4 25. Qb3 e4 26. Qxc4 exf3 27. Nxf3 Bxf3
28. gxf3 Rd4 29. Qxa6 Qh4 30. Be3 Qxh3 31. Bxd4 Nf4 0-1

[Event "4. Mem- Oliver Gonzalez 2015 - Torneo B"]
[Site "Madrid ESP"]
[Date "2015.10.12"]
[Round "3.8"]
[White "Cruz Monzon, Jose"]
[Black "Giraldo Gerrero, Laureano"]
[Result "0-1"]
[WhiteElo "1941"]
[BlackElo "1674"]
[PlyCount "98"]
[EventDate "2015.10.10"]
[EventType "swiss"]
[EventRounds "9"]
[EventCountry "ESP"]
[Source "lmi"]
[SourceDate "2015.10.10"]

1. d4 d6 2. c4 e5 3. d5 f5 4. Nc3 Nf6 5. Bg5 Be7 6. e4 O-O 7. Bd3 Nxd5 8. Nxd5
Bxg5 9. Nf3 c6 10. Nc3 Na6 11. a3 Nc5 12. Bc2 Be7 13. O-O f4 14. b4 Ne6 15. Qd3
Ng5 16. Rfd1 Nxf3+ 17. Qxf3 Qe8 18. c5 dxc5 19. b5 Qg6 20. bxc6 bxc6 21. h3 Rb8
22. Rd2 Rd8 23. Rad1 Rxd2 24. Rxd2 Be6 25. Kh2 h6 26. Ba4 Bb3 27. Bxb3+ Rxb3
28. Nd5 Rb7 29. Nxe7+ Rxe7 30. Qc3 Qxe4 31. Qxc5 Re8 32. Qxa7 f3 33. Qe3 Qxe3
34. fxe3 e4 35. gxf3 exf3 36. Rd3 Rf8 37. Kg1 g5 38. Rd6 Kg7 39. Rxc6 f2+ 40.
Kf1 Rf3 41. Rc3 h5 42. a4 g4 43. hxg4 hxg4 44. Rc4 g3 45. Rg4+ Kh6 46. a5 Rxe3
47. Rf4 Kg5 48. Rf8 Re1+ 49. Kg2 Rg1+ 0-1

[Event "4. Mem- Oliver Gonzalez 2015 - Torneo B"]
[Site "Madrid ESP"]
[Date "2015.10.12"]
[Round "3.9"]
[White "Tobaruela Garcia, Francisco H"]
[Black "Perez Reisler, Jose"]
[Result "0-1"]
[WhiteElo "1688"]
[BlackElo "1894"]
[PlyCount "78"]
[EventDate "2015.10.10"]
[EventType "swiss"]
[EventRounds "9"]
[EventCountry "ESP"]
[Source "lmi"]
[SourceDate "2015.10.10"]

1. e4 c5 2. d4 cxd4 3. c3 dxc3 4. Nxc3 Nc6 5. Nf3 a6 6. Bc4 d6 7. O-O Nf6 8. h3
e6 9. Re1 Be7 10. e5 dxe5 11. Qxd8+ Bxd8 12. Nxe5 Nxe5 13. Rxe5 O-O 14. Bg5 b5
15. Bb3 Bb7 16. Rd1 b4 17. Na4 Nd5 18. Bd2 a5 19. Nc5 Bc6 20. Ba4 Bxa4 21. Nxa4
Rc8 22. Rc1 Rxc1+ 23. Bxc1 Bf6 24. Re1 Rc8 25. Bd2 Kf8 26. Rc1 Rxc1+ 27. Bxc1
Bd4 28. a3 Ke7 29. axb4 axb4 30. b3 Nc3 31. Bb2 e5 32. Kf1 Nxa4 33. bxa4 Bxb2
34. Ke1 Kd6 35. Kd1 Bd4 36. f3 b3 37. Kd2 b2 38. Kc2 g5 39. h4 e4 0-1

[Event "4. Mem- Oliver Gonzalez 2015 - Torneo B"]
[Site "Madrid ESP"]
[Date "2015.10.12"]
[Round "3.10"]
[White "Vazquez Cabeza, Isaac"]
[Black "Camarero Izquierdo, Juan Carlo"]
[Result "0-1"]
[WhiteElo "1662"]
[BlackElo "1890"]
[PlyCount "66"]
[EventDate "2015.10.10"]
[EventType "swiss"]
[EventRounds "9"]
[EventCountry "ESP"]
[Source "lmi"]
[SourceDate "2015.10.10"]

1. c4 e5 2. Nc3 Bb4 3. g3 Bxc3 4. bxc3 f5 5. Bg2 Nf6 6. d4 e4 7. Ba3 d6 8. c5
d5 9. e3 c6 10. Nh3 O-O 11. O-O Ng4 12. Qb3 Nd7 13. Nf4 Qf6 14. h3 Nh6 15. c4
dxc4 16. Qxc4+ Kh8 17. Qb3 Re8 18. Nh5 Qg5 19. Nf4 Qe7 20. Rfc1 Nf6 21. Bf1 g5
22. Ne2 Be6 23. Qb2 Rg8 24. Kh2 Rg7 25. Nc3 Rag8 26. Nd1 Qf7 27. Qe2 Qg6 28.
Bb4 f4 29. Qe1 f3 30. Bc4 Bxh3 31. Bxg8 Bg2 32. g4 Nhxg4+ 33. Kg3 Qh5 0-1

[Event "4. Mem- Oliver Gonzalez 2015 - Torneo B"]
[Site "Madrid ESP"]
[Date "2015.10.12"]
[Round "3.11"]
[White "Calderon Rojo, Borja"]
[Black "Sierra Bermejo, Gregorio"]
[Result "1-0"]
[WhiteElo "1874"]
[BlackElo "1629"]
[PlyCount "99"]
[EventDate "2015.10.10"]
[EventType "swiss"]
[EventRounds "9"]
[EventCountry "ESP"]
[Source "lmi"]
[SourceDate "2015.10.10"]

1. e4 c5 2. Nf3 e6 3. d4 cxd4 4. Nxd4 a6 5. a4 Nf6 6. Nc3 d6 7. Be3 Nc6 8. Nb3
Be7 9. Be2 O-O 10. f4 Qc7 11. O-O Rd8 12. a5 Re8 13. Bf3 Nd7 14. Na4 Bd8 15.
Qe2 Ne7 16. Rfd1 Qc6 17. Qd3 Ng6 18. Rd2 Be7 19. e5 d5 20. g3 Bb4 21. c3 Bf8
22. h4 Qc7 23. h5 Ngxe5 24. fxe5 Nxe5 25. Qf1 Nc4 26. Re2 Qxg3+ 27. Qg2 Qxg2+
28. Kxg2 Nxe3+ 29. Rxe3 Bd7 30. Nb6 Rad8 31. Rae1 Bb5 32. Kh3 Bd6 33. Kg4 h6
34. Bh1 Bc6 35. Kh3 Bf8 36. Bf3 Bd6 37. Rd1 Bc7 38. Red3 Bxb6 39. axb6 Ba4 40.
c4 Bxb3 41. Rxb3 d4 42. Bxb7 e5 43. Be4 f5 44. Bxf5 e4 45. Re1 d3 46. Rxe4 Rf8
47. b7 Rb8 48. Be6+ Kh8 49. Rxd3 Rxb7 50. b3 1-0

[Event "4. Mem- Oliver Gonzalez 2015 - Torneo B"]
[Site "Madrid ESP"]
[Date "2015.10.12"]
[Round "3.12"]
[White "Bartolome Martin, Angel"]
[Black "Caravantes Camacho, Fernando"]
[Result "0-1"]
[WhiteElo "1708"]
[BlackElo "1613"]
[PlyCount "57"]
[EventDate "2015.10.10"]
[EventType "swiss"]
[EventRounds "9"]
[EventCountry "ESP"]
[Source "lmi"]
[SourceDate "2015.10.10"]

1. d4 c5 2. d5 Nf6 3. c4 b5 4. f3 d6 5. e4 bxc4 6. Bxc4 Nbd7 7. Qa4 Qb6 8. Nc3
a6 9. Bd2 g6 10. Nh3 Bg7 11. e5 dxe5 12. d6 exd6 13. Bxf7+ Kxf7 14. Qc4+ Ke7
15. Bg5 Bb7 16. O-O-O h6 17. Be3 Rab8 18. Na4 Qb5 19. Qc2 Bc6 20. Nc3 Qb7 21.
Rxd6 Kxd6 22. Na4 Bxa4 23. Rd1+ Ke6 24. b3 Bxb3 25. axb3 Qxb3 26. Nf4+ exf4 27.
Rd6+ Kxd6 28. Bxf4+ Kc6 29. Qe2 0-1

[Event "4. Mem- Oliver Gonzalez 2015 - Torneo B"]
[Site "Madrid ESP"]
[Date "2015.10.12"]
[Round "3.13"]
[White "Lacaci Otero, Ivan"]
[Black "Mascunano Torres, Antonio"]
[Result "0-1"]
[WhiteElo "1703"]
[BlackElo "1788"]
[PlyCount "72"]
[EventDate "2015.10.10"]
[EventType "swiss"]
[EventRounds "9"]
[EventCountry "ESP"]
[Source "lmi"]
[SourceDate "2015.10.10"]

1. Nf3 d5 2. g3 Nf6 3. Bg2 c5 4. d3 Nc6 5. Nbd2 e5 6. e4 dxe4 7. dxe4 Be7 8.
O-O Qc7 9. c3 O-O 10. Qe2 Rb8 11. Re1 b5 12. h4 Bg4 13. Nf1 h6 14. Ne3 Qc8 15.
Nf5 Qe6 16. Nxe7+ Nxe7 17. Qc2 Nc6 18. Be3 Nxe4 19. Nh2 Nf6 20. Bxc5 Bf5 21.
Qe2 Rfe8 22. Bxc6 Qxc6 23. Bxa7 Rb7 24. Be3 Rd8 25. g4 Bd3 26. Qd1 Rbd7 27. Qb3
Bc4 28. Qb4 Nxg4 29. b3 Qg6 30. h5 Qxh5 31. Nxg4 Qxg4+ 32. Kh2 Qh5+ 33. Kg3 Rd6
34. f4 Rg6+ 35. Kf2 Qh2+ 36. Kf3 Bd5+ 0-1

[Event "4. Mem- Oliver Gonzalez 2015 - Torneo B"]
[Site "Madrid ESP"]
[Date "2015.10.12"]
[Round "3.14"]
[White "Benitez Cadenas, Luis Miguel"]
[Black "Lavayen Torres, Leonardo"]
[Result "1-0"]
[WhiteElo "1690"]
[BlackElo "1071"]
[PlyCount "32"]
[EventDate "2015.10.10"]
[EventType "swiss"]
[EventRounds "9"]
[EventCountry "ESP"]
[Source "lmi"]
[SourceDate "2015.10.10"]

1. d4 Nf6 2. Nf3 c5 3. e3 cxd4 4. exd4 d5 5. Bd3 Nc6 6. c3 e6 7. O-O Bd6 8.
Nbd2 O-O 9. Re1 Re8 10. Ne5 h6 11. f4 Nd7 12. Qh5 Qf6 13. Ndf3 b6 14. Ng5 hxg5
15. Qh7+ Kf8 16. Qh8+ Ke7 1-0

[Event "4. Mem- Oliver Gonzalez 2015 - Torneo B"]
[Site "Madrid ESP"]
[Date "2015.10.12"]
[Round "3.16"]
[White "Villodre Miranda, Juan Alonso"]
[Black "Veuthey Martinez, Eloy"]
[Result "1-0"]
[WhiteElo "1673"]
[BlackElo "1521"]
[PlyCount "85"]
[EventDate "2015.10.10"]
[EventType "swiss"]
[EventRounds "9"]
[EventCountry "ESP"]
[Source "lmi"]
[SourceDate "2015.10.10"]

1. c4 e5 2. e4 d6 3. d3 Be7 4. g3 c5 5. Bg2 Nc6 6. h3 Nf6 7. Ne2 O-O 8. Nbc3
Bd7 9. O-O a6 10. a4 Rb8 11. f4 Nb4 12. f5 b5 13. axb5 axb5 14. b3 Qb6 15. Kh2
Ra8 16. Ba3 Na6 17. Bb2 bxc4 18. dxc4 Rfb8 19. Nc1 Nb4 20. g4 h6 21. Rxa8 Rxa8
22. Qd2 Nh7 23. Nd5 Nxd5 24. Qxd5 Bc6 25. Qd3 Nf6 26. Kg3 Nd7 27. Bc3 Bb7 28.
h4 f6 29. Rf2 Nb8 30. Ra2 Nc6 31. Rxa8+ Bxa8 32. Qd2 Nb4 33. Bxb4 Qxb4 34. Qxb4
cxb4 35. Nd3 d5 36. exd5 Bd6 37. Be4 Bb7 38. c5 Bf8 39. Kf3 Ba6 40. Nxb4 Bf1
41. d6 Bb5 42. Bd5+ Kh7 43. Nc6 1-0